Städte der Schweiz - Bilderquiz - Statistiken

Allgemein
  • Dieses Quiz wurde 54 mal gespielt
  • Das Durchschnittsergebnis liegt bei 10 aus 16
Antwortstatistiken
Bildquiz Antwort % Korrekt
Bern
96%
Genf
94%
Basel
91%
Luzern
91%
Zürich
87%
Lausanne
74%
Chur
57%
Lugano
55%
Schaffhausen
51%
Sitten
51%
Zug
51%
Neuenburg
49%
Winterthur
49%
Biel
43%
Montreux
43%
Sankt Gallen
32%
Keine übereinstimmenden Quizze gefunden
Verteilung der Resultate
Anzahl Personen mit jedem Resultat
Perzentil nach korrekt beantworteten Fragen
Ihre Resultats-Entwicklung
Sie haben dieses Quiz noch nicht gespielt